| 000 | 01262cam a22003135a 4500 | ||
|---|---|---|---|
| 999 |
_c22173 _d22145 |
||
| 001 | 531643 | ||
| 003 | EG-ScBUE | ||
| 005 | 20200106141640.0 | ||
| 008 | 870421s1988 enk f 001 0 eng d | ||
| 020 | _a9780582494602 | ||
| 020 | _a0582494605 | ||
| 040 |
_aDLC _beng _erda _cDLC _dDLC _dEG-ScBUE |
||
| 082 | 0 | 4 |
_a801.950904 _bMOD _222 |
| 245 | 0 | 0 |
_aModern criticism and theory : _ba reader / _cedited by David Lodge. |
| 264 | 1 |
_aLondon ; _aNew York : _bLongman Group UK Limited, _c1988. |
|
| 300 |
_axv, 467 pages ; _c24 cm |
||
| 336 |
_2rdacontent _atext _btxt |
||
| 337 |
_2rdamedia _aunmediated _bn |
||
| 338 |
_2rdacarrier _avolume _bnc |
||
| 500 | _aIncludes index. | ||
| 520 | _aProvides within the covers of a single book, a selection of important and representative work from all the major theoretical schools or tendencies in contemporary criticism, and places them before the reader in two alternative orders: one historical, the other thematic. | ||
| 590 | _ashefaa ibrahem | ||
| 650 | 7 |
_aCriticism _xHistory _y20th century. _2BUEsh _939743 |
|
| 650 | 7 |
_aLiterature _xHistory and criticism _xTheory, etc. _2BUEsh _95271 |
|
| 653 |
_bHHUUEENN _cJuly2019 |
||
| 655 | _vReading book | ||
| 700 | 1 |
_aLodge, David, _d1935- _eeditor. _95272 |
|
| 942 |
_2ddc _cBB |
||